Mi Primer Juicio Oral/ (Registro nro. 8141)

Detalles MARC
000 -LEADER
fixed length control field 01894nam a2200217Ia 4500
005 - FECHA Y HORA DE LA ÚLTIMA TRANSACCIÓN
control field 20230516102755.0
008 - FIXED-LENGTH DATA ELEMENTS--GENERAL INFORMATION
fixed length control field 230508s9999 xx 000 0 und d
020 ## - INTERNATIONAL STANDARD BOOK NUMBER
International Standard Book Number 9508850078
040 ## - CATALOGING SOURCE
Original cataloging agency UPAN
Transcribing agency Biblioteca San Vicente
Description conventions RCAA2
041 ## - LANGUAGE CODE
Language code of text/sound track or separate title Spa
082 ## - DEWEY DECIMAL CLASSIFICATION NUMBER
Classification number 340
Item number G618m
100 ## - MAIN ENTRY--PERSONAL NAME
Personal name Goldberg,Steven H
Relator code aut.
245 #0 - TITLE STATEMENT
Title Mi Primer Juicio Oral/
Statement of responsibility, etc Steven H. Goldberg
250 ## - EDITION STATEMENT
Edition statement 1ª ed
260 ## - PUBLICATION, DISTRIBUTION, ETC. (IMPRINT)
Place of publication, distribution, etc Buenos Aires:
Name of publisher, distributor, etc Eliasta,
Date of publication, distribution, etc 1994
300 ## - PHYSICAL DESCRIPTION
Extent 264 p.:
Dimensions 23 cm.
505 ## - FORMATTED CONTENTS NOTE
Formatted contents note Primera parte. Perspectiva del primer juicio <br/>Capitulo 1. El juicio es una representaciòn teatral. El papel del abogado<br/>Capitulo 2. El escenario: ¿ dònde me siento?<br/>El interrogatorio de los testigos<br/>Presentaciòn de pruebas, por lo nùmeros<br/>Preparar el empleo de una diagrama<br/>Dirigirse al jurado<br/>Presencia escènica en la sal del tribunal<br/>Capitulo 3. El libreto: ¿ Què digo?<br/>Capitulo 4. Peparar la pieza teatral en un anotador procesal<br/>Comenzar por el final: preparaciòn de la argumentaciòn de cierre...<br/>Prepare temprano las instrucciones destinadas al jurado...<br/>Finalizaciòn del comienzo: preparaciòn de la declaraciòn inaugural<br/>Capitulo 5. La preparaciòn de los actores en la leñera<br/>El orden de los testigod<br/>Prepare el testimonio y despuès al testigo <br/>Preparaciòn del testigo para el interrogatorio directo<br/>Preparaciòn del testigo para las repreguntas<br/>La preparaciòn del cliente<br/>La preparaciòn del experto<br/>Capitulo 6. Los elementos auxiliares<br/>Capitulo 7. Verificaciòn del pùblico <br/>Tercera parte. El primer juicio<br/>Capitulo 8. Reducciòn del pùblico: voir dire<br/>Capitulo 9. Se levanta el telòn: la declaraciòn inicial<br/>Capitulo 10. El diàlogo: el examen de los testigos<br/>Capitulo 11. Papel del abogado: defensa de la evidencia<br/>Capitulo 12. La ùltima escena: la argumentaciòn de cierre
650 ## - SUBJECT ADDED ENTRY--TOPICAL TERM
Source of heading or term LEMB
Topical term or geographic name as entry element Derecho
650 ## - SUBJECT ADDED ENTRY--TOPICAL TERM
Source of heading or term LEMB
Topical term or geographic name as entry element Juicio
942 ## - ADDED ENTRY ELEMENTS (KOHA)
Koha item type Libros
Source of classification or shelving scheme Dewey Decimal Classification
Existencias
Withdrawn status Lost status Source of classification or shelving scheme Damaged status Not for loan Collection code Home library Current library Date acquired Total Checkouts Full call number Barcode Date last seen Copy number Price effective from Koha item type
    Dewey Decimal Classification     Colección General Biblioteca UPAN San Vicente Biblioteca UPAN San Vicente 08/05/2023   340 G618m 12000469 08/05/2023 01 08/05/2023 Libros
    Dewey Decimal Classification     Colección General Biblioteca UPAN San Vicente Biblioteca UPAN San Vicente 08/05/2023   340 G618m 12000468 16/05/2023 02 08/05/2023 Libros